Zamestnávanie dôchodcov
Uzatváranie pracovného pomeru na dobu určitú s poberateľmi starobného dôchodku podľa par. 48 Zákonníka práce. Otázky súvisiace so zdanením príjmov. Ilustračné príklady
Salvato in:
| Autore principale: | |
|---|---|
| Natura: | Capitolo di libro |
| Lingua: | slovacco |
| Soggetti: | |
| Tags: |
Nessun Tag, puoi essere il primo ad aggiungerne!!
|
MARC
| LEADER | 00000naa a2200000 4500 | ||
|---|---|---|---|
| 001 | r047425 | ||
| 005 | 20230711121302.8 | ||
| 041 | 0 | |a slo | |
| 044 | |a SK | ||
| 245 | 1 | 0 | |a Zamestnávanie dôchodcov |c Viera Valicová |
| 520 | |a Uzatváranie pracovného pomeru na dobu určitú s poberateľmi starobného dôchodku podľa par. 48 Zákonníka práce. Otázky súvisiace so zdanením príjmov. Ilustračné príklady | ||
| 610 | 2 | 0 | |a zákonník práce |
| 610 | 2 | 0 | |a dôchodcovia |
| 610 | 2 | 0 | |a zamestnávatelia |
| 610 | 2 | 0 | |a pomer pracovný |
| 610 | 2 | 0 | |a príjmy |
| 610 | 2 | 0 | |a zdaňovanie |
| 610 | 2 | 0 | |a poistné |
| 610 | 2 | 0 | |a odvody |
| 100 | 1 | |a Valicová, Viera | |